Jedna z ciest zhospodárnenia školského stravovania

Gespeichert in:
Bibliographische Detailangaben
1. Verfasser: Kružliak, Peter
Weitere Verfasser: Turzíková, Valéria
Format: Buchkapitel
Sprache:Slowakisch
Schlagworte:
Tags: Tag hinzufügen
Keine Tags, Fügen Sie das erste Tag hinzu!

MARC

LEADER 00000naa$a2200000$$$4500
001 0086340
005 20221207124354.1
041 0 |a slo 
044 |a SK 
245 1 0 |a Jedna z ciest zhospodárnenia školského stravovania  |c Peter Kružliak, Valéria Turzíková 
610 2 0 |a efektívnosť 
610 2 0 |a stravovanie spoločné 
100 1 |a Kružliak, Peter 
700 1 |a Turzíková, Valéria